Tumor estromal gastrointestinal em cães: estudo clínico-anatomopatológico (Registro n. 329687)
[ somente texto ]
| 000 -LÍDER | |
|---|---|
| fixed length control field | 03631nab a2200289 i 4500 |
| 003 - CÓDIGO MARC DA AGÊNCIA CATALOGADORA | |
| Campo de controle | BR-BrBNA |
| 005 - DATA E HORA DA ÚLTIMA ATUALIZAÇÃO | |
| Campo de controle | 20250127141309.0 |
| 008 - CAMPO DE TAMANHO FIXO | |
| fixed length control field | 250127b2016 bl.|r|pooa||| 00| 0 por | |
| 040 ## - FONTE DA CATALOGAÇÃO | |
| Agência catalogadora | BR-BrBNA |
| Idioma da catalogação | por |
| 072 ## - CATEGORIA AGRIS | |
| Código AGRIS | L70 |
| Código do objeto | 5400 |
| 072 ## - CATEGORIA AGRIS | |
| Código AGRIS | L73 |
| 100 ## - ENTRADA PRINCIPAL - NOME PESSOAL | |
| Nome pessoal | Leandro, R.M. |
| 100 ## - ENTRADA PRINCIPAL - NOME PESSOAL | |
| Nome pessoal | Sá, L.R.M. |
| 245 ## - TÍTULO PRINCIPAL | |
| Título principal | Tumor estromal gastrointestinal em cães: estudo clínico-anatomopatológico |
| 500 ## - NOTA GERAL | |
| Nota geral | <br/>Publicação online; 12 ref.; 4 tables; Summaries (En, Pt) |
| 942 ## - ADDED ENTRY ELEMENTS (KOHA) | |
| Koha item type | Analítica |
| 520 ## - NOTA DE RESUMO | |
| Nota de conteúdo | <br/><br/><br/>RESUMO - Os tumores estromais gastrointestinais (GIST) são incomuns e apresentam elevada similaridade histológica com as neoplasias de músculo liso e de nervo periférico. Este trabalho relata e caracteriza GIST em cães do ponto de vista epidemiológico, clínico-laboratorial, anatomopatológico e imuno-histoquímico, com base na análise retrospectiva de três cães, machos, com média de idade de 10 anos, variando de porte médio a grande e peso médio de 18.5±6kg. As alterações clínicas foram progressivas e inespecíficas de quadro gastrointestinal crônico, tais como prostração, anorexia, perda de peso e melena. Anemia não regenerativa e leucocitose foram os principais achados laboratoriais. Macroscopicamente, os tumores apresentavam média de 19cm no eixo maior, localizados em jejuno e ceco, com a superfície ulcerada, e exibiam áreas de necrose. Na avaliação microscópica, os casos apresentaram proliferação de células fusiformes, arranjadas em feixes longos densamente celulares, que foram vimentina e CD117 positivas, com diferenciação neural (S100 positivo), muscular (actina e desmina positivas) e anaplásica, cuja morfologia caracteriza neoplasias malignas com sobrevida de um dia a 12 meses. O GIST deve ser um dos diagnósticos diferenciais a serem considerados entre as neoplasias mesenquimais do trato gastrointestinal que acometem cães, e o diagnóstico final necessita de imuno-histoquímica.<br/><br/><br/>Palavras-chave: cão, C-KIT, intestino, GIST, imuno-histoquímica |
| 520 ## - NOTA DE RESUMO | |
| Nota de conteúdo | <br/><br/><br/>ABSTRACT - Gastrointestinal stromal tumors (GIST) are uncommon and show high histological similarity with smooth muscle and peripheral neuron tumors. This paper reported three cases of gastrointestinal stromal tumor (GIST) showing its clinical and laboratorial presentation, and gross, microscopical and immunohistochemical features. Clinical signs and symptoms of the animals studied were progressive and characterized by nonspecific chronic gastrointestinal disorders such as depression, anorexia, weight loss and melena. Non regenerative anemia and leukocytosis were the main laboratory findings. Grossly, tumors were 19cm big, ulcerated and with necrotic areas. Microscopically, the tumors were malignant spindle cell proliferation with positivity to vimentine and CD117, with neural (S100+), myogenic (desmine + and smooth muscle actine+) and anaplasic differentiation. GIST should be one of the differential diagnoses to be considered among the mesenchymal neoplasms of the gastrointestinal tract of dogs.<br/><br/><br/>Keywords: dog, C-KIT, intestine, GIST, immunohistochemistry |
| 650 ## - ASSUNTO - THESAGRO | |
| Cabeçalho tópico ou nome geográfico | CÃO |
| 650 ## - ASSUNTO - THESAGRO | |
| Cabeçalho tópico ou nome geográfico | INTESTINO |
| 650 ## - ASSUNTO - THESAGRO | |
| Cabeçalho tópico ou nome geográfico | NEOPLASIA |
| 650 ## - ASSUNTO - THESAGRO | |
| Cabeçalho tópico ou nome geográfico | DIAGNÓSTICO |
| 650 ## - ASSUNTO - THESAGRO | |
| Cabeçalho tópico ou nome geográfico | VETERINÁRIA |
| 773 0# - ENTRADA ANALÍTICA | |
| Host Biblionumber | 1643 |
| Registro do item | 348075 |
| Imprenta | Belo Horizonte-MG Universidade Federal de Minas Gerais - Escola de Veterinaria 1983 |
| Outro identificador | 2025-0570 |
| Título | Arquivo Brasileiro de Medicina Veterinária e Zootecnia (Brazil) |
| ISSN | 0102-0935 |
| Colação | v. 68(4) p. 938-944; (2016) |
| Número de controle de registro | BR2024004579 |
| 856 ## - ACESSO E ENDEREÇO ELETRÔNICO | |
| Identificador uniforme de recurso - URI | https://www.scielo.br/j/abmvz/a/SNQgC8YBzZnX86MJmmdB9Gp/?format=pdf&lang=pt |
Nenhum exemplar disponível.

BINAGRI